000 00533nam a2200193Ia 4500
008 240510s9999 xx 000 0 und d
020 _a0003540562540
041 _aEng
082 _a004.0151
082 _bS13
100 _aSchmidt, G. (et-al)
245 0 _aRelations and graphs :Discrete Mathematics for computer scientists :Lecture notes in computer science
260 _bSpringer: Tokyo
260 _c1993
300 _a301 p.
650 _adiscrete mathematics : relations : graphs :
942 _2ddc
942 _cLBK
999 _c27503
_d27503
945 _a1
_bMadushi Gamage
_c1
_dMadushi Gamage